000
00298nam a22001217a 4500
008
180302b xxu||||| |||| 00| 0 eng d
041
_a
eng
080
_a
82
100
_a
21
101
_a
GJU
245
_a
WORLD TALES CREATIVE DRAMATICS AND STORYTELLING
_c
BURDETTER.S.R
942
_2
udc
_c
BK
999
_c
44061
_d
44061